000 00309nam a22001217a 4500
008 160422b xxu||||| |||| 00| 0 eng d
020 _a9780803620698
020 _a100803620691
041 _aeng
080 _a618.2
245 _aMaternal child nursing care:
_cSusan L.Ward; Shelton M.Hisley;
942 _2udc
_cBK
999 _c1512
_d1512